| 000 | 00780nac a22002291u 4500 | ||
|---|---|---|---|
| 010 | _a 00051660 | ||
| 020 | _a0273651021 | ||
| 082 | 0 | 0 |
_a302.35 _bHUC |
| 090 |
_c9300 _d9300 |
||
| 100 | _aHuczynski, Andrzej. | ||
| 245 | 1 | 0 |
_aOrganizational behaviour : _ban introductory text / _cAndrzej Huczynski, David Buchanan. |
| 250 | _a2nd ed. | ||
| 260 |
_aNew York : _bPearson Education,c.1994. _cc.1994. |
||
| 300 | _ap. cm. | ||
| 500 | _aBuchanan's name appears first on the earlier edition. | ||
| 500 | _aDistributer: Al-Ahram. | ||
| 504 | _aIncludes bibliographical references and index. | ||
| 511 | _aCatalogued By: Mahitab. | ||
| 650 | 0 | _aOrganizational behavior. | |
| 700 | 1 | _aBuchanan, David A. | |
| 942 |
_cBB _k302.35HUC |
||
| 999 |
_c9300 _d9300 |
||